| 000 | 02019 a2200229 4500 | ||
|---|---|---|---|
| 001 | 54332 | ||
| 005 | 20260407155815.0 | ||
| 008 | 260407a1970 arg spa d | ||
| 003 | AR-UNSa-BCEJYS | ||
| 040 |
_aAR-UNSa-BCEJYS _bspa _cAR-UNSa-BCEJYS |
||
| 080 |
_a338.1 _xSituación económica. Ciclos. Desarrollo de la estructura económica |
||
| 245 | 1 | 0 |
_aEstructura económica _pTeoría básica y estructura mundial |
| 250 | _a2a. ed. | ||
| 264 | 1 |
_aBarcelona : _bEdiciones Ariel _c1970 |
|
| 300 |
_a651 p. _c23 cm. |
||
| 505 | _a1. la visón estructural en economía - 2. Las fuentes de la estructura económica - 3. El moderno estructuralismo - 4. Los componentes de la realidad económica - 5. El análisis cuantitativo - 6. El análisis intersectorial - 7. Aplicaciones estructurales del modelo de Leontief - 8. El análisis macroeconómico de la realidad - 9. Aplicaciones estructurales de contabilidad - 10. La renta y el análisis estructural - 11. Resultados finales del análisis cuantitativo - 12. La visión global de la realidad económica - 13. La actividad económica como realidad social - 14. Estructura y desarrollo - 15. Los sistemas económicos - 16. Conclusiones sobre el análisis estructural - 17. Introducción panorámica a la economía mundial - 18. Componentes objetivos de la estructura mundial - 19. Técnica y organización - 20. Componnetes demográficos - 21. Estructura espacial de la economía mundial - 22. La estructura del consumo - 23. La actividad productiva - 24. La modernización d elas actividades primitivas - 25. La actividad ganadera - 26. La estructura agraria - 27. Tipología y localización de la agricultura mundial - 28. La minería industrial - 29. La energía - 30. Estructura industrial - 31. Tipología y localización de la industria - 32. Estructura de las comunicaciones - 33. El intercambio mundial | ||
| 041 | _aspa | ||
| 942 | _cBK | ||
| 590 | _aniveau_biblio:m niveau_hierar:0 | ||
| 100 | 1 | _aSampedro, José Luis | |
| 700 | 1 | _aMartínez Cortiña, Rafael | |
| 999 |
_c5496 _d5496 |
||